Joseph Conrad / (رقم التسجيلة. 19761)

تفاصيل مارك
000 -الفاتح
حقل البيانات ثابتة الطول 01835cam a2200325 a 4500
001 - رقم الضبط
رقم الضبط 15893627
003 - محدد رقم الضبط
رقم الضبط OSt
005 - وقت وتاريخ اخر تعامل مع التسجيلة
رقم الضبط 20150408113959.0
008 - عناصر البيانات ثابتة الطول - معلومات عامة
حقل البيانات ثابتة الطول 111214s2009 nyu b 001 0 eng
010 ## - رقم ضبط مكتبة الكونجرس
رقم ضبط مكتبة الكونجرس
020 ## - الرقم الدولى المعيارى للكتب
الرقم الدولى المعيارى للكتاب 9780199555918
040 ## - مصدر الفهرسة
وكالة الفهرسة الأصلية DLC
وكالة النسخ MU
082 00 - رقم تصنيف ديوى العشرى
رقم التصنيف 823.912 J O C
رقم الطبعة 22
084 ## - رقم تصنيف آخر
رقم التصنيف HM 2335
مصدر الرقم rvk
245 00 - بيان العنوان
العنوان Joseph Conrad /
بيان المسئوليه,etc edited and with an introduction by Harold Bloom.
250 ## - بيان الطبعة
بيان الطبعة New ed.
260 ## - PUBLICATION, DISTRIBUTION, ETC. (IMPRINT)
مكان الناشر او الموزع New York :
اسم الناشر او الموزع Bloom's Literary Criticism,
تاريخ النشر أو التوزيع 2009.
300 ## - الوصف المادى
التعداد vii, 215 p. ;
أبعاد الوعاء 25 cm.
490 1# - بيان السلسلة
عنوان السلسلة Bloom's modern critical views
504 ## - تبصرة ببليوجرافية
تبصرة ببليوجرافية,الخ Includes bibliographical references and index.
505 0# - تبصرة محتويات-الفهرس
تبصرة المحتويات المصاغة Conrad : satire and fiction / Martin Price -- The secret agent : the irony of home truths / Anthony Winner -- "Heart of darkness" : visionary skepticism / Mark A. Wollaeger -- Conrad and the myth of the monstrous town / Cedric Watts -- Subversive plots : from Under western eyes to The secret agent / Christopher GoGwilt -- Absence and presence in Victory / Robert Hampson -- Anti-heroics and epic failures : the case of Nostromo / Terry Collits -- "Material interests" : Conrad's Nostromo as a critique of global capitalism / J. Hillis Miller -- "There will be fighting" : insurgency and postcoloniality in Almayer's folly and An outcast of the islands / Tom Henthorne.
600 10 - المدخل الاضافى بالموضوع-اسم شخصى
الإسم الشخصى Conrad, Joseph,
التواريخ المصاحبة للاسم 1857-1924
التقسيم الفرعي العام Criticism and interpretation.
9 (RLIN) 6894
655 #7 - مصطلح تكشيفى-نوع/شكل
بيانات النوع/ الشكل أو المصطلح الأساسي Aufsatzsammlung.
مصدر المصطلح swd
9 (RLIN) 8431
700 1# - المدخل الاضافى - اسم شخصى
الإسم الشخصى Bloom, Harold.
9 (RLIN) 8065
830 #0 - المدخل الاضافى بالسلسلة -عنوان موحد
عنوان موحد Bloom's modern critical views.
9 (RLIN) 8432
856 #2 - الوصول و الموقع الالكترونى
من يتصل به للمساعدة في الوصول V:DE-603;B:DE-30
نوع الصيغة الإلكترونية application/pdf
معرف المصدر الموحد <a href="http://scans.hebis.de/HEBCGI/show.pl?21222199_toc.pdf">http://scans.hebis.de/HEBCGI/show.pl?21222199_toc.pdf</a>
مواد محددة Inhaltsverzeichnis
906 ## - عنصر بيانات محلى F, LDF (RLIN)
a 7
b cbc
c orignew
d 1
e ecip
f 20
g y-gencatlg
942 ## - عناصر المدخل الإضافي( كوها)
مصدر التصنيف او مخطط الترفيف Dewey Decimal Classification
Koha [default] item type DVD
المقتنيات
حالة الفقد نموذج السعر الفعال حالة تلف ليس للاعارة رقم الطلب رقم النسخة تاريخ الاكتساب الموقع الحالي الباركود الفرع الرئيسي Date last seen نوع المادة فى نظام كوها مصدر التصنيف او خطة الترفيف Total Checkouts
  2013-03-10     823.912 J O C n 1 2011-12-14 قسم الاجراءات الفنية (IC) 00100619 قسم الاجراءات الفنية (IC) 2013-03-10 كتاب Dewey Decimal Classification  
  2013-03-10     823.912 J O C n 2 2011-12-14 قسم الاجراءات الفنية (IC) 00100620 قسم الاجراءات الفنية (IC) 2013-03-10 كتاب Dewey Decimal Classification